000 02094cam a2200313 4500500
005 20251228070410.0
041 _afre
042 _adc
100 1 0 _aFaisant, Étienne
_eauthor
245 0 0 _aUn « passé réinventé » ? La maison des Quatrans à Caen
260 _c2010.
500 _a29
520 _aLa maison des Quatrans, l’un des plus célèbres édifices de la ville de Caen, est réputée avoir été habitée à la fin du xive siècle par Jean Quatrans, tabellion, dont les descendants auraient fui la ville envahie par les Anglais en 1417 et n’y seraient jamais revenus. Cependant, la compilation de documents d’archives permet de réfuter ces différentes affirmations : les Quatrans habitaient un peu plus loin et ils sont revenus à Caen après 1450. Quant à la maison, elle a en fait été construite vers 1460 pour un riche tanneur, Michel Le Fevre. Les sources documentaires permettent en outre de préciser ses dispositions et son évolution architecturale.
520 _aReinventing history: The Quatran’s House in CaenOne of the most well-known buildings in Caen, Jean Quatran, an estate lawyer, is believed to have lived in this house in the late 14th century. His descendants fled the town when it was invaded by the English in 1417. Nevertheless, numerous documents refute these affirmations: the Quatrans lived further away and they came back to Caen after 1450. As for the house, it was actually built around 1460 for a wealthy tanner, Michel Le Fevre. The documents also clarify its architectural characteristics and development.
690 _aarchitecture
690 _aCaen
690 _aémigration
690 _aGervais De La Rue
690 _amaison
690 _aQuatrans
690 _aarchitecture
690 _aCaen
690 _aemigration
690 _aGervais De La Rue
690 _ahouse
690 _aQuatrans
786 0 _nAnnales de Normandie | 60e aée | 1 | 2010-02-01 | p. 71-91 | 0003-4134
856 4 1 _uhttps://shs.cairn.info/revue-annales-de-normandie-2010-1-page-71?lang=fr&redirect-ssocas=7080
999 _c1592611
_d1592611